000 00390nam a2200133Ia 4500
008 231228s2009 xx 000 0 und d
041 _aeng
082 _bBEA
100 _aBEATTY (Carol A.)/ SCOTT (Brenda A. Barker)
245 _aBuilding Smart Teams: A Roadmap to High Performance
250 _a6th Pri.
260 _aNew Delhi
_bSage Publications New Delhi
_c2009
300 _aix, 198
999 _c1063412
_d1063412